[Event "GER-chT Federal Cup (Women)"]
[Site "Braunfels"]
[Date "2018.05.31"]
[Round "1.2"]
[White "Rogozenco, Teodora Nana"]
[Black "Fuchs, Antje"]
[Result "1-0"]
[WhiteElo "2087"]
[BlackElo "2054"]
[PlyCount "75"]
[EventDate "2018.05.31"]
[EventType "team-swiss"]
[EventRounds "5"]
[EventCountry "GER"]
[SourceTitle "EXT 2020"]
[Source "ChessBase"]
[SourceDate "2019.10.17"]
[SourceVersion "1"]
[SourceVersionDate "2019.10.17"]
[SourceQuality "1"]
[WhiteTeam "Hamburg (W)"]
[BlackTeam "Thueringen (W)"]
[WhiteTeamCountry "GER"]
[BlackTeamCountry "GER"]

1. d4 e6 2. c4 Nf6 3. Nc3 Bb4 4. Bg5 c5 5. d5 d6 6. e3 Bxc3+ 7. bxc3 h6 8. Bh4 e5 9. Qc2 Nbd7 10. Nf3 Qe7 11. Nd2 g5 12. Bg3 Nh5 13. Be2 Ndf6 14. Rb1 Ng7 15. h4 g4 16. h5 Bf5 17. Qa4+ Kf8 18. Rb2 Ngxh5 19. Bh4 Qc7 20. f3 gxf3 21. Bxf3 Ng4 22. Ne4 Rg8 23. Qd1 Rg6 24. Qe2 Re8 25. Kd2 Bc8 26. Rbb1 f5 27. Rbf1 Kg7 28. Bxg4 Rxg4 29. Nf6 Nxf6 30. Bxf6+ Kh7 31. g3 Qf7 32. Bxe5 Rxe5 33. Qxg4 Rxd5+ 34. Kc2 fxg4 35. Rxf7+ Kg6 36. Rxh6+ Kxf7 37. cxd5 Ke7 38. e4 1-0

[Event "GER-chT Federal Cup (Women)"]
[Site "Braunfels"]
[Date "2017.06.16"]
[Round "2.2"]
[White "Fuchs, Antje"]
[Black "Dellert, Lena"]
[Result "1-0"]
[WhiteElo "2052"]
[BlackElo "1865"]
[PlyCount "99"]
[EventDate "2017.06.15"]
[EventType "team-swiss"]
[EventRounds "5"]
[EventCountry "GER"]
[SourceTitle "CBM 179 Extra"]
[Source "ChessBase"]
[SourceDate "2017.08.23"]
[SourceVersion "1"]
[SourceVersionDate "2017.08.23"]
[SourceQuality "1"]
[WhiteTeam "Thueringen (W)"]
[BlackTeam "Saarland (W)"]
[WhiteTeamCountry "GER"]
[BlackTeamCountry "GER"]

1. e4 e5 2. f4 d5 3. exd5 exf4 4. Nf3 Nf6 5. Bb5+ c6 6. dxc6 Nxc6 7. d4 Qa5+ 8. Nc3 Bb4 9. Qd3 0-0 10. 0-0 Qc7 11. Ng5 g6 12. Bxf4 Qd8 13. Rad1 Bf5 14. Nce4 Nxe4 15. Nxe4 Re8 16. Bxc6 bxc6 17. Be5 Bxe4 18. Qxe4 Qd5 19. Qf4 Be7 20. b3 Qe6 21. c4 Bf8 22. Rd3 f5 23. Rh3 Re7 24. Qh4 Rae8 25. c5 Rf7 26. Re1 Qd5 27. Qg3 Rfe7 28. Qh4 Rf7 29. Rhe3 Bg7 30. Qf4 Rd7 31. Bxg7 Rxe3 32. Qxe3 Kxg7 33. Kf2 Kf6 34. Rd1 Re7 35. Qf3 Re4 36. g4 Rxg4 37. Qxd5 cxd5 38. b4 Ke6 39. b5 Kd7 40. a4 Kc7 41. a5 Rh4 42. Kg3 Re4 43. Rd2 Kb7 44. a6+ Kc7 45. Kf3 Rh4 46. Re2 Re4 47. Ra2 Rxd4 48. b6+ Kb8 49. c6 Ka8 50. c7 1-0

[Event "BL2 Sued 1617 (Women)"]
[Site "Germany"]
[Date "2016.10.22"]
[Round "1.2"]
[White "Fuchs, Antje"]
[Black "Henschel, Anke"]
[Result "1-0"]
[WhiteElo "2047"]
[BlackElo "2012"]
[PlyCount "43"]
[EventDate "2016.10.22"]
[EventType "team-tourn"]
[EventRounds "7"]
[EventCountry "GER"]
[SourceTitle "EXT 2018"]
[Source "ChessBase"]
[SourceDate "2017.10.13"]
[SourceVersion "1"]
[SourceVersionDate "2017.10.13"]
[SourceQuality "1"]
[WhiteTeam "Zeulenroda (W)"]
[BlackTeam "Wadgassen/Differten (W)"]
[WhiteTeamCountry "GER"]
[BlackTeamCountry "GER"]

1. e4 d5 2. exd5 Qxd5 3. Nc3 Qa5 4. Nf3 Nf6 5. Bc4 Bg4 6. 0-0 e6 7. d4 c6 8. h3 Bh5 9. Re1 Be7 10. Bf4 Nbd7 11. Bd3 Qb4 12. g4 Bg6 13. Qd2 Bd6 14. Ne5 Qxd4 15. Nxg6 hxg6 16. Rxe6+ Be7 17. Rae1 0-0-0 18. Rxe7 Rxh3 19. Ne4 Nxe4 20. R1xe4 Qxb2 21. Bf1 Rf3 22. Rxd7 1-0

[Event "GER-chT Federal Cup (Women)"]
[Site "Braunfels"]
[Date "2015.06.06"]
[Round "4.2"]
[White "Fuchs, Antje"]
[Black "Sadewasser, Lucie"]
[Result "1-0"]
[WhiteElo "1976"]
[BlackElo "1569"]
[PlyCount "47"]
[EventDate "2015.06.04"]
[EventType "team-swiss"]
[EventRounds "5"]
[EventCountry "GER"]
[SourceTitle "CBM 167 Extra"]
[Source "ChessBase"]
[SourceDate "2015.09.14"]
[SourceVersion "1"]
[SourceVersionDate "2015.09.14"]
[SourceQuality "1"]
[WhiteTeam "Thueringen (W)"]
[BlackTeam "Mecklenburg Vorpommern (W)"]
[WhiteTeamCountry "GER"]
[BlackTeamCountry "GER"]

1. e4 e5 2. Nf3 Nc6 3. Bb5 a6 4. Ba4 Bc5 5. 0-0 d6 6. c3 b5 7. d4 Bb6 8. Bb3 exd4 9. cxd4 Na5 10. Bg5 f6 11. Be3 Bg4 12. Nbd2 Ne7 13. h3 Bh5 14. Be6 Nec6 15. g4 Bf7 16. Bxf7+ Kxf7 17. Rc1 Qd7 18. e5 dxe5 19. dxe5 Rhd8 20. exf6 gxf6 21. Qe1 Nb4 22. Bxb6 cxb6 23. Qe4 Nxa2 24. Rc7 1-0

[Event "GER-chT Federal Cup (Women)"]
[Site "Braunfels"]
[Date "2015.06.04"]
[Round "1.2"]
[White "Plass, Mariana Camelia"]
[Black "Fuchs, Antje"]
[Result "1-0"]
[WhiteElo "1981"]
[BlackElo "1976"]
[PlyCount "123"]
[EventDate "2015.06.04"]
[EventType "team-swiss"]
[EventRounds "5"]
[EventCountry "GER"]
[SourceTitle "CBM 167 Extra"]
[Source "ChessBase"]
[SourceDate "2015.09.14"]
[SourceVersion "1"]
[SourceVersionDate "2015.09.14"]
[SourceQuality "1"]
[WhiteTeam "Nordrhein Westfalen (W)"]
[BlackTeam "Thueringen (W)"]
[WhiteTeamCountry "GER"]
[BlackTeamCountry "GER"]

1. d4 Nf6 2. c4 g6 3. Nc3 Bg7 4. e4 d6 5. h3 0-0 6. Bg5 Na6 7. Nf3 c5 8. d5 Bd7 9. Qd2 Rb8 10. Bd3 Nc7 11. Bh6 b5 12. Bxg7 Kxg7 13. 0-0 e5 14. dxe6 Bxe6 15. cxb5 c4 16. Be2 Nxb5 17. Rfd1 Qa5 18. Ng5 Nxc3 19. bxc3 d5 20. Nxe6+ fxe6 21. exd5 exd5 22. Bf3 Qc5 23. Rab1 Rb6 24. Re1 Rfb8 25. Rxb6 Rxb6 26. g4 h6 27. h4 Rb5 28. g5 hxg5 29. a4 Ra5 30. Qxg5 d4 31. Qxc5 Rxc5 32. cxd4 Rc7 33. Rc1 c3 34. Kf1 Rc4 35. a5 Kf8 36. Ke2 Rxd4 37. Rxc3 Rxh4 38. Rc8+ Ke7 39. Rc7+ Kd8 40. Rxa7 Ra4 41. a6 Nd7 42. Ra8+ Kc7 43. Bb7 Ra2+ 44. Ke3 g5 45. Rg8 Ra3+ 46. Ke2 Nc5 47. Rxg5 Nxa6 48. Bxa6 Rxa6 49. Re5 Kd7 50. Ke3 Ra2 51. f4 Ra1 52. Kf3 Rg1 53. f5 Ra1 54. Kf4 Rg1 55. f6 Rg2 56. Kf5 Rg1 57. Re7+ Kd8 58. Rg7 Ra1 59. Rg8+ Kd7 60. f7 Rf1+ 61. Kg6 Rg1+ 62. Kh5 1-0

[Event "BL2 Ost 1415 (Women)"]
[Site "Germany"]
[Date "2014.11.30"]
[Round "4.2"]
[White "Naumann, Nadine"]
[Black "Fuchs, Antje"]
[Result "1/2-1/2"]
[WhiteElo "1973"]
[BlackElo "2094"]
[PlyCount "26"]
[EventDate "2014.09.27"]
[EventType "team-tourn"]
[EventRounds "7"]
[EventCountry "GER"]
[SourceTitle "CBM 166 Extra"]
[Source "ChessBase"]
[SourceDate "2015.06.18"]
[SourceVersion "1"]
[SourceVersionDate "2015.06.18"]
[SourceQuality "1"]
[WhiteTeam "Loeberitz (W)"]
[BlackTeam "Zeulenroda (W)"]
[WhiteTeamCountry "GER"]
[BlackTeamCountry "GER"]

1. d4 f5 2. g3 Nf6 3. Bg2 e6 4. c4 d5 5. cxd5 exd5 6. Nf3 Bd6 7. Nc3 c6 8. Qc2 0-0 9. Bf4 Ne4 10. Bxd6 Qxd6 11. e3 Be6 12. Ne5 Nd7 13. f4 Rf6 1/2-1/2

[Event "BL2 Ost 1415 (Women)"]
[Site "Germany"]
[Date "2014.11.29"]
[Round "3.2"]
[White "Fuchs, Antje"]
[Black "Neumeyer, Hannelore"]
[Result "1-0"]
[WhiteElo "2094"]
[BlackElo "1965"]
[PlyCount "95"]
[EventDate "2014.09.27"]
[EventType "team-tourn"]
[EventRounds "7"]
[EventCountry "GER"]
[SourceTitle "CBM 166 Extra"]
[Source "ChessBase"]
[SourceDate "2015.06.18"]
[SourceVersion "1"]
[SourceVersionDate "2015.06.18"]
[SourceQuality "1"]
[WhiteTeam "Zeulenroda (W)"]
[BlackTeam "Leipzig Lindenau (W)"]
[WhiteTeamCountry "GER"]
[BlackTeamCountry "GER"]

1. e4 c6 2. Nc3 d5 3. Nf3 dxe4 4. Nxe4 Nf6 5. Ng3 g6 6. Bc4 Bg7 7. 0-0 0-0 8. d4 Bg4 9. c3 Nbd7 10. h3 Bxf3 11. Qxf3 e5 12. Be3 Qe7 13. Rae1 e4 14. Qe2 Nd5 15. Bd2 Rfe8 16. Qxe4 Qxe4 17. Nxe4 b6 18. Bb3 N7f6 19. f3 a5 20. Re2 Nh5 21. Rfe1 Kf8 22. Nf2 Rxe2 23. Rxe2 Re8 24. Rxe8+ Kxe8 25. Nd3 Ng3 26. Kf2 Nf5 27. g4 Nd6 28. Ne5 Bxe5 29. dxe5 Nb7 30. c4 Nb4 31. Bxb4 axb4 32. Ke3 Nc5 33. Bc2 Ke7 34. f4 h6 35. b3 Ne6 36. f5 gxf5 37. gxf5 Nd8 38. f6+ Ke6 39. Kf4 Kd7 40. Bf5+ Ke8 41. Kg4 b5 42. cxb5 cxb5 43. Bd3 Ne6 44. Bxb5+ Kf8 45. Bc4 h5+ 46. Kxh5 Nf4+ 47. Kg4 Ng6 48. Kf5 1-0

[Event "BL2 Ost 1112 (Women)"]
[Site "Germany"]
[Date "2012.02.12"]
[Round "7.1"]
[White "Fuchs, Antje"]
[Black "Bea, Boglarka"]
[Result "1/2-1/2"]
[WhiteElo "2124"]
[BlackElo "2113"]
[PlyCount "139"]
[EventDate "2011.10.29"]
[EventType "team-tourn"]
[EventRounds "7"]
[EventCountry "GER"]
[SourceTitle "EXT 2013"]
[Source "ChessBase"]
[SourceDate "2012.11.22"]
[SourceVersion "1"]
[SourceVersionDate "2012.11.22"]
[SourceQuality "1"]
[WhiteTeam "Zeulenroda (W)"]
[BlackTeam "Berlin Empor (W)"]
[WhiteTeamCountry "GER"]
[BlackTeamCountry "GER"]

1. e4 e5 2. Nf3 Nc6 3. Bb5 a6 4. Ba4 Nge7 5. c3 g6 6. d4 exd4 7. cxd4 Bg7 8. 0-0 0-0 9. Nc3 b5 10. Bc2 h6 11. Be3 d5 12. Qd2 Kh7 13. exd5 Nxd5 14. Be4 Nce7 15. Rac1 Be6 16. Rfd1 f5 17. Bxd5 Nxd5 18. Bf4 Nxf4 19. Qxf4 c6 20. Ne5 Rc8 21. b3 Qf6 22. Ne2 c5 23. d5 g5 24. Qg3 Qxe5 25. Qxe5 Bxe5 26. dxe6 Rfe8 27. Ng3 Bxg3 28. hxg3 Rxe6 29. Rd5 c4 30. bxc4 bxc4 31. Rxf5 c3 32. Rc2 Re1+ 33. Kh2 g4 34. f3 Rd1 35. fxg4 Rd2 36. Rxd2 cxd2 37. Rd5 Rc2 38. a4 Kg6 39. g5 hxg5 40. g4 Kf6 41. Kg3 Ke6 42. Rd8 Ke5 43. Kf3 Ra2 44. a5 Rxa5 45. Rxd2 Ra3+ 46. Kf2 Ke4 47. Rc2 Ra5 48. Rd2 Rd5 49. Rc2 a5 50. Rc8 a4 51. Ra8 Rd4 52. g3 Rd2+ 53. Ke1 Ra2 54. Ra5 a3 55. Kd1 Kf3 56. Rxg5 Rh2 57. Ra5 a2 58. Kc1 Kxg4 59. Ra3 Rg2 60. Ra8 Kxg3 61. Rg8+ Kf3 62. Rf8+ Ke4 63. Re8+ Kd4 64. Rd8+ Kc5 65. Rc8+ Kb6 66. Ra8 Rh2 67. Ra3 Kc5 68. Ra8 Kb4 69. Rb8+ Ka5 70. Ra8+ 1/2-1/2

[Event "BL2 Ost 1112 (Women)"]
[Site "Germany"]
[Date "2011.10.30"]
[Round "2.1"]
[White "Kulovana, Eva"]
[Black "Fuchs, Antje"]
[Result "1-0"]
[WhiteElo "2300"]
[BlackElo "2124"]
[PlyCount "83"]
[EventDate "2011.10.29"]
[EventType "team-tourn"]
[EventRounds "7"]
[EventCountry "GER"]
[SourceTitle "EXT 2013"]
[Source "ChessBase"]
[SourceDate "2012.11.22"]
[SourceVersion "1"]
[SourceVersionDate "2012.11.22"]
[SourceQuality "1"]
[WhiteTeam "Grosslehna (W)"]
[BlackTeam "Zeulenroda (W)"]
[WhiteTeamCountry "GER"]
[BlackTeamCountry "GER"]

1. e4 c5 2. Nf3 d6 3. d4 cxd4 4. Nxd4 Nf6 5. Nc3 a6 6. Be2 e5 7. Nb3 Be7 8. 0-0 Be6 9. Re1 Nbd7 10. Bf3 b5 11. a4 bxa4 12. Nxa4 0-0 13. Nd2 Rc8 14. Nf1 Qc7 15. Ne3 Rfe8 16. Nc3 Qb7 17. Ncd5 Bxd5 18. exd5 Nc5 19. b3 Rc7 20. Bb2 Nfd7 21. Nc4 f5 22. Bxe5 Nxe5 23. Nxe5 dxe5 24. d6 e4 25. dxc7 Qxc7 26. Be2 Rd8 27. Bc4+ Kh8 28. Qe2 a5 29. Rad1 Rf8 30. Rd5 f4 31. Qg4 g6 32. h4 f3 33. g3 Qc6 34. h5 g5 35. Rf5 Rd8 36. Rf7 Bf6 37. Qf5 Bg7 38. h6 Qxh6 39. Qxc5 Bc3 40. Qe7 Rg8 41. Rd1 e3 42. Qxe3 1-0

[Event "BL2 Ost 1112 (Women)"]
[Site "Germany"]
[Date "2011.10.29"]
[Round "1.1"]
[White "Fuchs, Antje"]
[Black "Daemering, Katrin"]
[Result "1/2-1/2"]
[WhiteElo "2124"]
[BlackElo "2023"]
[PlyCount "88"]
[EventDate "2011.10.29"]
[EventType "team-tourn"]
[EventRounds "7"]
[EventCountry "GER"]
[SourceTitle "EXT 2013"]
[Source "ChessBase"]
[SourceDate "2012.11.22"]
[SourceVersion "1"]
[SourceVersionDate "2012.11.22"]
[SourceQuality "1"]
[WhiteTeam "Zeulenroda (W)"]
[BlackTeam "Leipzig Lindenau (W)"]
[WhiteTeamCountry "GER"]
[BlackTeamCountry "GER"]

1. e4 c5 2. Nf3 d6 3. d4 cxd4 4. Nxd4 a6 5. Nc3 Nf6 6. Bg5 e6 7. f4 Be7 8. Qf3 Qc7 9. 0-0-0 Nbd7 10. Bd3 h6 11. Qh3 Nc5 12. Rhe1 Bd7 13. e5 dxe5 14. fxe5 Ng8 15. Bf4 g5 16. Bd2 0-0-0 17. Kb1 Kb8 18. Qf3 Be8 19. Nb3 Nxd3 20. cxd3 h5 21. Ne4 g4 22. Qe3 Rd5 23. Nc3 Rd8 24. Rc1 Qd7 25. d4 Nh6 26. d5 Nf5 27. dxe6 fxe6 28. Qb6 Rc8 29. Red1 Rc6 30. Qg1 Qc7 31. Bf4 Bg6 32. Ka1 Rd8 33. Rxd8+ Qxd8 34. Rd1 Qc8 35. Ne4 Rc4 36. Nbd2 Rd4 37. Rc1 Qd8 38. g3 Qd5 39. Nc3 Qd7 40. Nde4 Rd3 41. Nc5 Bxc5 42. Qxc5 Ne7 43. Be3 Nc6 44. Na4 Rd1 1/2-1/2

[Event "BL2 Mitte 1011 (Women)"]
[Site "Germany"]
[Date "2011.01.09"]
[Round "5.3"]
[White "Fuchs, Antje"]
[Black "Brand, Kathrin"]
[Result "1-0"]
[WhiteElo "2143"]
[BlackElo "1917"]
[PlyCount "47"]
[EventDate "2010.11.06"]
[EventType "team-tourn"]
[EventRounds "7"]
[EventCountry "GER"]
[SourceTitle "EXT 2012"]
[Source "ChessBase"]
[SourceDate "2011.11.24"]
[SourceVersion "1"]
[SourceVersionDate "2011.11.24"]
[SourceQuality "1"]
[WhiteTeam "Zeulenroda (W)"]
[BlackTeam "Chemnitz (W)"]
[WhiteTeamCountry "GER"]
[BlackTeamCountry "GER"]

1. e4 c5 2. Nf3 d6 3. d4 cxd4 4. Nxd4 Nf6 5. Nc3 a6 6. Bg5 e6 7. f4 Be7 8. Qf3 Nbd7 9. 0-0-0 Qc7 10. g4 b5 11. Bxf6 gxf6 12. Bh3 Bb7 13. g5 Nf8 14. f5 e5 15. gxf6 exd4 16. fxe7 dxc3 17. exf8Q+ Kxf8 18. Qf4 cxb2+ 19. Kb1 Rc8 20. Rd2 Qc6 21. Rg1 h6 22. f6 Rd8 23. Qg3 Ke8 24. Qg8+ 1-0

[Event "GER-ch (Women)"]
[Site "Gladenbach"]
[Date "2010.07.20"]
[Round "6.3"]
[White "Just, Gabriele"]
[Black "Fuchs, Antje"]
[Result "1/2-1/2"]
[WhiteElo "1973"]
[BlackElo "2148"]
[PlyCount "51"]
[EventDate "2010.07.17"]
[EventType "swiss"]
[EventRounds "7"]
[EventCountry "GER"]
[SourceTitle "EXT 2012"]
[Source "ChessBase"]
[SourceDate "2011.11.24"]
[SourceVersion "1"]
[SourceVersionDate "2011.11.24"]
[SourceQuality "1"]

1. d4 Nf6 2. Nf3 g6 3. Bg5 Ne4 4. Bh4 Bg7 5. Nbd2 d5 6. e3 Bg4 7. c3 g5 8. Bg3 h5 9. Qa4+ Bd7 10. Qb3 Nxd2 11. Kxd2 h4 12. Qxd5 hxg3 13. Qxg5 Kf8 14. Qxg3 c5 15. Bc4 cxd4 16. exd4 Nc6 17. Rhe1 Bf5 18. Ke2 e6 19. Kf1 Bf6 20. Qf4 Na5 21. Be2 Rg8 22. Qh6+ Bg7 23. Qf4 Bf6 24. Qh6+ Bg7 25. Qf4 Bf6 26. Qh6+ 1/2-1/2

[Event "BL2 Sued 0910 (Women)"]
[Site "Germany"]
[Date "2009.12.06"]
[Round "4.1"]
[White "Ankerst, Milka"]
[Black "Fuchs, Antje"]
[Result "1-0"]
[WhiteElo "2134"]
[BlackElo "2141"]
[PlyCount "111"]
[EventDate "2009.11.07"]
[EventType "team-tourn"]
[EventRounds "7"]
[EventCountry "GER"]
[SourceTitle "CBM 133 Extra"]
[Source "ChessBase"]
[SourceDate "2010.01.05"]
[SourceVersion "1"]
[SourceVersionDate "2010.01.05"]
[SourceQuality "1"]
[WhiteTeam "Bayern Muenchen (W)"]
[BlackTeam "Zeulenroda (W)"]
[WhiteTeamCountry "GER"]
[BlackTeamCountry "GER"]

1. e4 c5 2. Nf3 d6 3. d4 cxd4 4. Nxd4 Nf6 5. Nc3 a6 6. Be3 e6 7. Qd2 b5 8. f3 Nbd7 9. g4 h6 10. h4 Qc7 11. Rg1 b4 12. Na4 Nc5 13. Qxb4 Nfd7 14. 0-0-0 Rb8 15. Qc3 Qb7 16. Nxc5 Nxc5 17. Nb3 Na4 18. Qa5 Bd7 19. Qxa6 Qc7 20. Rd4 Nc5 21. Nxc5 dxc5 22. Rd2 Be7 23. g5 0-0 24. Qd3 Rb7 25. Qc3 h5 26. Bc4 Rfb8 27. b3 Bb5 28. f4 Bxc4 29. Qxc4 Rb4 30. Qc3 c4 31. Bd4 Qa5 32. Bxg7 cxb3 33. cxb3 Qa7 34. Rgd1 Qa8 35. Bh6 f6 36. Rd7 Qxa2 37. gxf6 Qa3+ 38. Kd2 Qa2+ 39. Qc2 Qxc2+ 40. Kxc2 Bxf6 41. Rg1+ Kh8 42. e5 Rd8 43. Bg7+ Kh7 44. Bf8+ Rxd7 45. Bxb4 Bxh4 46. Rh1 Bd8 47. Rxh5+ Kg6 48. Rh8 Bb6 49. Bd2 Kf5 50. Rh6 Bd8 51. b4 Be7 52. Bc3 Kxf4 53. Rxe6 Ke4 54. Kb3 Rb7 55. Ra6 Bxb4 56. Ra4 1-0

[Event "GER-ch (Women)"]
[Site "Osterburg"]
[Date "2007.07.13"]
[Round "8"]
[White "Schulz, Stefanie"]
[Black "Fuchs, Antje"]
[Result "1-0"]
[WhiteElo "2148"]
[BlackElo "2134"]
[PlyCount "111"]
[EventDate "2007.07.05"]
[EventType "swiss"]
[EventRounds "9"]
[EventCountry "GER"]
[SourceTitle "CBM 119 Extra"]
[Source "ChessBase"]
[SourceDate "2007.09.04"]
[SourceVersion "1"]
[SourceVersionDate "2007.09.04"]
[SourceQuality "1"]

1. e4 c5 2. d3 Nc6 3. g3 g6 4. Bg2 Bg7 5. c3 e6 6. Be3 d6 7. Ne2 Nge7 8. Qd2 0-0 9. Bh6 d5 10. Bxg7 Kxg7 11. Qc2 e5 12. 0-0 f5 13. Nd2 Be6 14. f3 Rc8 15. Rf2 Qd7 16. b3 Rfd8 17. Nf1 b5 18. Qb2 b4 19. c4 d4 20. Qd2 Rf8 21. exf5 Nxf5 22. Kh1 Nd6 23. Ng1 Rf6 24. Qe2 Rcf8 25. Nd2 g5 26. Raf1 Rh6 27. Ne4 Nf5 28. g4 Ne3 29. Re1 Bxg4 30. fxg4 Nxg4 31. Bh3 Nxf2+ 32. Nxf2 Qf7 33. Ng4 Re6 34. Rf1 Qe8 35. Rxf8 Kxf8 36. Nf2 Rg6 37. Ne4 Qe7 38. Bg4 Rg7 39. Ng3 Rf7 40. Qg2 Nd8 41. Nf5 Qf6 42. Ng3 Qe7 43. Ne4 h6 44. Ne2 Kg8 45. N2g3 Qf8 46. Qh3 Rf4 47. Nf5 Nf7 48. Qh5 Kh8 49. Nf6 Nd6 50. Qg6 Qa8+ 51. Kg1 Rf1+ 52. Kxf1 Qh1+ 53. Ke2 Qxh2+ 54. Kd1 Qg1+ 55. Kd2 Qf2+ 56. Be2 1-0

[Event "GER-ch (Women)"]
[Site "Osterburg"]
[Date "2007.07.12"]
[Round "7"]
[White "Fuchs, Antje"]
[Black "Gasch, Franziska"]
[Result "1-0"]
[WhiteElo "2134"]
[BlackElo "1882"]
[PlyCount "91"]
[EventDate "2007.07.05"]
[EventType "swiss"]
[EventRounds "9"]
[EventCountry "GER"]
[SourceTitle "CBM 119 Extra"]
[Source "ChessBase"]
[SourceDate "2007.09.04"]
[SourceVersion "1"]
[SourceVersionDate "2007.09.04"]
[SourceQuality "1"]

1. d4 Nf6 2. c4 g6 3. Nc3 Bg7 4. e4 d6 5. Be2 0-0 6. Nf3 e5 7. 0-0 Nc6 8. d5 Ne7 9. b4 Ne8 10. c5 f5 11. Ng5 h6 12. Ne6 Bxe6 13. dxe6 fxe4 14. Nxe4 d5 15. Ng3 c6 16. Rb1 Nc7 17. Bg4 Nf5 18. Bxf5 gxf5 19. Qh5 Qe8 20. e7 Rf6 21. f4 exf4 22. Bxf4 Ne6 23. Bd6 f4 24. Qxe8+ Rxe8 25. Nh5 Rf7 26. Rbe1 Bd4+ 27. Kh1 Ng7 28. Nxf4 Bf6 29. Ng6 Bc3 30. Rxf7 Kxf7 31. Ne5+ Kg8 32. Re2 Nf5 33. Nd3 Kg7 34. g4 Nd4 35. Rf2 Ne6 36. h4 Bf6 37. Ne5 Bxe5 38. Bxe5+ Kh7 39. Bd6 Kg7 40. Kg2 Kh7 41. Rf6 Ng7 42. Rf8 h5 43. g5 Kg6 44. Kf3 Kh7 45. Rf6 Kg8 46. g6 1-0

[Event "GER-ch (Women)"]
[Site "Osterburg"]
[Date "2007.07.10"]
[Round "5"]
[White "Kopylov, Luba"]
[Black "Fuchs, Antje"]
[Result "0-1"]
[WhiteElo "1683"]
[BlackElo "2134"]
[PlyCount "104"]
[EventDate "2007.07.05"]
[EventType "swiss"]
[EventRounds "9"]
[EventCountry "GER"]
[SourceTitle "CBM 119 Extra"]
[Source "ChessBase"]
[SourceDate "2007.09.04"]
[SourceVersion "1"]
[SourceVersionDate "2007.09.04"]
[SourceQuality "1"]

1. d4 Nf6 2. c4 g6 3. Nf3 Bg7 4. Nc3 0-0 5. e4 d6 6. Be2 e5 7. dxe5 dxe5 8. Qxd8 Rxd8 9. Bg5 c6 10. Nxe5 Re8 11. 0-0-0 Nxe4 12. Nxe4 Bxe5 13. f4 Bf5 14. Ng3 Bc7 15. Nxf5 Rxe2 16. Nh6+ Kf8 17. Rhe1 Rxe1 18. Rxe1 f6 19. Bxf6 Bxf4+ 20. Kb1 Bxh6 21. Re7 Kg8 22. Rxb7 Na6 23. Be7 Be3 24. Bd6 Bh6 25. Be7 Bg7 26. Bd6 Bd4 27. b4 c5 28. b5 Nb4 29. Bb8 a6 30. a3 Nd3 31. Ba7 Ne5 32. Rc7 Nxc4 33. b6 Nxa3+ 34. Ka2 Nb5 35. Rb7 c4 36. Rd7 Be5 37. b7 Rxa7 38. Rd8+ Kf7 39. b8Q Bxb8 40. Rxb8 Ke6 41. g4 Kd5 42. h4 Kd4 43. h5 gxh5 44. gxh5 Rd7 45. h6 Rd6 46. Rg8 Rxh6 47. Rg4+ Kc3 48. Rg2 Rd6 49. Rb2 Rd2 50. Ka1 Kd3 51. Rb1 Nc3 52. Rb7 Ra2# 0-1

[Event "GER-ch (Women)"]
[Site "Osterburg"]
[Date "2007.07.07"]
[Round "2"]
[White "Noll, Sonja"]
[Black "Fuchs, Antje"]
[Result "0-1"]
[WhiteElo "2033"]
[BlackElo "2134"]
[PlyCount "54"]
[EventDate "2007.07.05"]
[EventType "swiss"]
[EventRounds "9"]
[EventCountry "GER"]
[SourceTitle "CBM 119 Extra"]
[Source "ChessBase"]
[SourceDate "2007.09.04"]
[SourceVersion "1"]
[SourceVersionDate "2007.09.04"]
[SourceQuality "1"]

1. e4 c5 2. Nc3 Nc6 3. f4 g6 4. Nf3 Bg7 5. Bc4 a6 6. 0-0 e6 7. f5 Nge7 8. d3 gxf5 9. Ng5 h6 10. Nxf7 Bd4+ 11. Kh1 Kxf7 12. exf5 d5 13. Qh5+ Kg7 14. Qg4+ Kh7 15. f6 Qf8 16. Rf3 Bxf6 17. Bxh6 e5 18. Qh5 Qxh6 19. Qf7+ Bg7 20. Bxd5 Rf8 21. Be4+ Kh8 22. Qxf8+ Bxf8 23. Raf1 Bg7 24. Ne2 Be6 25. Ng3 Rf8 26. Nf5 Nxf5 27. Bxf5 Rxf5 0-1

[Event "Bad Koenigshofen op (Women)"]
[Site "Bad Koenigshofen"]
[Date "2006.08.11"]
[Round "8.4"]
[White "Fuchs, Antje"]
[Black "Mikliaeva, Darja S"]
[Result "1-0"]
[WhiteElo "2080"]
[BlackElo "2164"]
[PlyCount "89"]
[EventDate "2006.08.04"]
[EventType "swiss"]
[EventRounds "9"]
[EventCountry "GER"]
[SourceTitle "CBM 113 Extra"]
[Source "ChessBase"]
[SourceDate "2006.09.14"]
[SourceVersion "1"]
[SourceVersionDate "2006.09.14"]
[SourceQuality "1"]

1. e4 c5 2. Nf3 d6 3. d4 cxd4 4. Nxd4 Nf6 5. Nc3 Nc6 6. Be2 e5 7. Nb3 a5 8. Bg5 a4 9. Bxf6 gxf6 10. Nd2 a3 11. Bc4 h5 12. 0-0 f5 13. exf5 Bxf5 14. Qf3 Qg5 15. Nb5 0-0-0 16. Bxf7 e4 17. Qxa3 Qxd2 18. Qa8+ Nb8 19. c4 Rh7 20. Bd5 b6 21. Bxe4 Bxe4 22. Qxe4 Rf7 23. Qe6+ Rdd7 24. Rad1 Qf4 25. Rd4 Qe5 26. Qh3 Qf5 27. Qe3 Rfe7 28. Qd2 Rg7 29. Rf4 Rxg2+ 30. Kxg2 Qg6+ 31. Kh1 Bh6 32. Rg1 Bxf4 33. Qxf4 Qe8 34. h3 Qe6 35. Rg3 Nc6 36. Re3 Qg6 37. Kh2 Ne5 38. Nxd6+ Rxd6 39. Rxe5 Rd1 40. Rg5 Qb1 41. Rg8+ Kd7 42. Rg7+ Ke6 43. Qe3+ Kf5 44. Rg5+ Kf6 45. Qe5+ 1-0

[Event "Bad Koenigshofen op (Women)"]
[Site "Bad Koenigshofen"]
[Date "2006.08.07"]
[Round "4.4"]
[White "Fuchs, Antje"]
[Black "Oleneva, Svetlana"]
[Result "1/2-1/2"]
[WhiteElo "2080"]
[BlackElo "2121"]
[PlyCount "95"]
[EventDate "2006.08.04"]
[EventType "swiss"]
[EventRounds "9"]
[EventCountry "GER"]
[SourceTitle "CBM 113 Extra"]
[Source "ChessBase"]
[SourceDate "2006.09.14"]
[SourceVersion "1"]
[SourceVersionDate "2006.09.14"]
[SourceQuality "1"]

1. e4 c5 2. Nf3 d6 3. d4 cxd4 4. Nxd4 Nf6 5. Nc3 g6 6. Be3 Bg7 7. Qd2 Nc6 8. f3 0-0 9. g4 Nxd4 10. Bxd4 Be6 11. 0-0-0 Qa5 12. a3 Rfc8 13. h4 h5 14. Be2 b5 15. Nd5 Qxd2+ 16. Rxd2 Bxd5 17. exd5 hxg4 18. Bxb5 Bh6 19. Bc6 gxf3 20. Bxf6 exf6 21. Bxa8 Rxa8 22. Kd1 Bxd2 23. Kxd2 Re8 24. Rf1 Re5 25. Rxf3 Rxd5+ 26. Ke3 Kg7 27. b4 g5 28. hxg5 fxg5 29. c4 Re5+ 30. Kd4 g4 31. Rg3 Rg5 32. Ke4 Re5+ 33. Kf4 f5 34. c5 Kf6 35. Rc3 dxc5 36. bxc5 Re4+ 37. Kg3 Re7 38. Kf4 Re4+ 39. Kg3 Re7 40. Kf4 Rc7 41. c6 g3 42. Kxg3 Ke5 43. Rc5+ Ke4 44. Kf2 Kd4 45. Rxf5 Rxc6 46. Ke2 Ra6 47. Rf3 Kc4 48. Kd2 1/2-1/2